Statistiques concernant Effectif AS Monaco FC 2016/2017

Cliquez ici pour prendre le quiz!

Statistiques générales

  • Ce quiz a été pris 251 fois
  • Le résultat moyen est 15 sur 29

Statistiques - réponses

NumPaysJoueur% Correct
9COLRadamel Falcao
98%
29FRAKylian Mbappe-Lottin
96%
1CRODanijel Subasic
93%
10PORBernardo Silva
91%
2BREFabinho
85%
25POLKamil Gilk
85%
19FRADjibril Sidibe
82%
23FRABenjamin Mendy
80%
18FRAValere Germain
79%
27FRAThomas Lemar
76%
8PORJoao Moutinho
74%
14FRATiemoue Bakayoko
74%
24ITAAndrea Raggi
67%
5BREJemerson
67%
7MARNabil Dirar
55%
38MALAlmamy Toure
45%
11ARGGuido Carillo
43%
16ITAMorgan De Sanctis
35%
30SENSeydou Sy
33%
20MALAdama Traore
32%
26BREGabriel Boschilia
29%
6BREJorge
29%
40FRALoic Badiashile
28%
34FRAAbdou Diallo
25%
-FRAIrvin Cardona
16%
35FRAKevin N'Doram
16%
-FRAPierre-Daniel Nguinda
4%
-FRACorentin Tirard
2%
-FRADylan Beaulieu
1%

Distribution des résultats

Percentile par nombre de réponses

% des personnes avec chaque résultat

Votre développement - résultats

Vous n’avez pas pris ce quiz